000 00671nam a22002057a 4500
999 _c182081
_d182081
005 20220216153541.0
010 _aENG-130050
020 _a978-93-5287-996-0
_c695.00
035 _aEN-113582
037 _bDBAD/PUB
082 _a954.912
100 _aAgha,Sameetah
245 _aThe Limits of Empire:
_bSub-Imperialism and Pukhtun Resistance in the North-West frontier/
_cby Sameetah Agha
250 _a2020
260 _bOrient Blackswan
_c2020
_aIndia
270 _a3-6-752 Himayatnagar
_e500029
_bHyderabad
_mcentraloffice@orientblackswan.com
300 _axvii,231p.
_c21cm (pbk)
500 _aincludes index
942 _2ddc
_cEN
_h954.912
_mAGH